| 000 | 00531nam a2200169 i 4500 | ||
|---|---|---|---|
| 001 | 86644 | ||
| 003 | ES-MaACL | ||
| 005 | 20230906175508.0 | ||
| 007 | t| | ||
| 008 | 041214s1976 cc ||||1| spa d | ||
| 100 | 1 |
_aKim Il Sung. _968035 |
|
| 245 | 1 | 4 |
_aLos jóvenes deben continuar nuestra obra revolucionaria / _cKim Il Sung. |
| 260 |
_aPyongyang : _bEdiciones en Lenguas Extranjeras, _c1976. |
||
| 300 |
_a1-3, 1-269 p. : _bretr. aut. ; _c22 cm. |
||
| 852 |
_aES-MaACL _jA-6293 _bR.95270 |
||
| 852 |
_aES-MaACL _jA-6294 _bR.95271 |
||
| 999 |
_c86644 _d86644 |
||